000 00459nam a22001217a 4500
008 230704b xxu||||| |||| 00| 0 eng d
082 _a338.967
_bOKI
100 _cC.O Okidi
245 _aReflections on Management of drainage Basins in Africa
_bProceedings of a workshop on development and the Environment in the management of international drainage Basins in Africa
260 _anairobi, kenya
_binstitute for development
300 _a354p
942 _2ddc
_cBK
999 _c3566
_d3566